000 00705nam a2200229 a 4500
001 54369
003 BD-RjUL
005 20211209080117.0
008 161106s1954 ii ||||| |||| 00| 0 eng d
035 _a(BD-RjUL)54491
040 _aBD-RjUL
_beng
_cBD-RjUL
_dBD-RjUL
041 _aeng
082 _223
_a347.5405491
_bSAS 1954
100 _aSarkar, Subodh Chandra
_9162255
245 1 0 _aSarkar's Civil court practice and procedure manual :
_bIndia and Pakistan /
_cS. C. Sarkar
250 _a7th ed.
260 _aCalcutta :
_bS. C. Sarkar & sons,
_c1954.
300 _axvi, 340 p. ;
_c19 cm.
500 _aIncludes Index
650 _aProcedure and Courts
_zIndia
_zPakistan
_9162256
942 _2ddc
_cBK
999 _c54369
_d54369